Artist by artwork - Statistics

General Stats
  • This quiz has been taken 169 times
  • The average score is 16 of 28
Answer Stats
Picture Answer % Correct
Leonardo da Vinci
100%
Vincent Van Gogh
97%
Pablo Picasso
92%
Edvard Munch
85%
Claude Monet
84%
Sandro Botticelli
80%
Salvador Dalì
75%
Edouard Manet
70%
Gustav Klimt
70%
Paul Gauguin
66%
Auguste Renoir
59%
Edgar Degas
59%
William Turner
59%
Frida Kahlo
57%
Jan Vermeer
57%
Michelangelo Buonarroti
57%
Diego Velazquez
52%
Piet Mondrian
50%
Vasily Kandinsky
49%
Hieronymus Bosch
48%
Eugene Delacroix
47%
Jacques-Louis David
34%
Francisco Goya
33%
Caravaggio
29%
Caspar David Friedrich
27%
Marc Chagall
25%
Amedeo Modigliani
24%
Egon Schiele
13%
No matching quizzes found
Score Distribution
Percent of People with Each Score
Percentile by Number Answered
Your Score History
You have not taken this quiz